Sociology in India (Record no. 26277)
[ view plain ]
| 000 -LEADER | |
|---|---|
| fixed length control field | 01971 a2200169 4500 |
| 020 ## - INTERNATIONAL STANDARD BOOK NUMBER | |
| ISBN | 9788131610237 |
| 082 ## - DEWEY DECIMAL CLASSIFICATION NUMBER | |
| Classification number | 301.954 |
| Item number | SHA-S |
| 100 ## - MAIN ENTRY--AUTHOR NAME | |
| Personal name | Sharma, Surendra |
| 245 ## - TITLE STATEMENT | |
| Title | Sociology in India |
| Sub Title | : a perspective from sociology of knowledge |
| 250 ## - EDITION STATEMENT | |
| Edition statement | 2nd Edition |
| 260 ## - PUBLICATION, DISTRIBUTION, ETC. (IMPRINT) | |
| Name of publisher | Rawat Publications |
| Year of publication | 2019 |
| Place of publication | Jaipur |
| 300 ## - PHYSICAL DESCRIPTION | |
| Number of Pages | 175p |
| 504 ## - BIBLIOGRAPHY, ETC. NOTE | |
| Bibliography, etc | Include Index |
| 520 ## - SUMMARY, ETC. | |
| Summary, etc | The author asks relevant questions about the nature of theoretical frameworks and methodological devices in regard to sociology in India. Sociologists in India have not stated explicitly about the relevance of their research activities. Why a particular framework has been preferred over some other ones remains an unanswered question. Why a particular set of hypotheses and certain methodological strategies also remain unstated. What is the ‘fit’ between a given theoretical framework and a particular research design? Questions regarding the philosophical and ontological foundations of theory and method of study have remained quite vague. The author deals with these and similar other questions related to the historicity and present state of sociology in India. A perspective from sociology of knowledge calls for a thorough analysis of theoretical and methodological aspects of sociological researches in India. The parameters of sociology of knowledge, namely, epistemology, philosophy, theory, methodology and field of study have been examined in the context of sociology in India. The attempts towards ideologizing and indigenization of Indian sociology have also been discussed vis-á-vis the role of positivist and idealist traditions. Studies of village community and social stratification have been taken as test cases for examining the nexus between theory, method and data from the point of sociology of knowledge. The evolution of the debate on sociology in India has been examined in entirety. |
| 650 ## - SUBJECT ADDED ENTRY--TOPICAL TERM | |
| Topical Term | Sociology |
| Form subdivision | Research |
| -- | Methodology |
| Geographic subdivision | India |
| 942 ## - ADDED ENTRY ELEMENTS (KOHA) | |
| Source of classification or shelving scheme | Dewey Decimal Classification |
| Koha item type | Books |
| Withdrawn status | Lost status | Damaged status | Not for loan | Home library | Current library | Date acquired | Source of acquisition | Cost, normal purchase price | Bill Date | Full call number | Accession Number | Cost, replacement price | Price effective from | Koha item type |
|---|---|---|---|---|---|---|---|---|---|---|---|---|---|---|
| NASSDOC Library | NASSDOC Library | 08/07/2020 | OP | 547.50 | 2020-06-11 | 301.954 SHA-S | 51027 | 750.00 | 15/07/2020 | Books |
